000 00296nam a22001337a 4500
008 170920b xxu||||| |||| 00| 0 eng d
020 _a0810907003
041 _aeng
080 _a7
100 _a45
101 _aART
245 _aHISTORY OF ART FOR YOUNG PEOPLE
_cJANSON,H.W
942 _2udc
_cBK
999 _c28598
_d28598